banner-ar

اختبئ .. سوف ابحث عنك : (Record no. 61322)

MARC details
000 -الفاتح
حقل البيانات ثابتة الطول 01133nam a22002777a 4500
005 - وقت وتاريخ اخر تعامل مع التسجيلة
رقم الضبط 20240530110454.0
008 - عناصر البيانات ثابتة الطول - معلومات عامة
حقل البيانات ثابتة الطول 150423s2011 ua c a 000 0 ara d
017 ## - رقم الايداع القانونى
رقم الايداع القانونى 2011/4488
المصدر ( الهيئة المختصة) مصر . دار الكتب المصرية
020 ## - الرقم الدولى المعيارى للكتب
الرقم الدولى المعيارى للكتاب 9789774276784
040 ## - مصدر الفهرسة
وكالة الفهرسة الأصلية EG-CaGPL
082 04 - رقم تصنيف ديوى العشرى
رقم الطبعة 21
رقم التصنيف 577
رقم المادة ط/د ع
100 1# - المدخل الرئيسى - إسم شخصى
الإسم الشخصى كوى ، مين جو
الشكل الأكمل للاسم مين جو كوى
245 10 - بيان العنوان
العنوان اختبئ .. سوف ابحث عنك :
بقية العنوان لعبة الغميضة /
بيان المسئوليه,etc تاليف مين جو كوى ؛ ترجمة اريت فايز تادرس ، زكريا القاضى
250 ## - بيان الطبعة
بيان الطبعة ط1
260 ## - PUBLICATION, DISTRIBUTION, ETC. (IMPRINT)
تاريخ النشر أو التوزيع 2012 .
300 ## - الوصف المادى
التعداد متعدد :
تفاصيل ماديه اخرى للوعاء صور لو ؛
أبعاد الوعاء 26 سم
490 0# - بيان السلسلة
عنوان السلسلة علوم البيئة
650 04 - المدخل الاضافى بالموضوع-مصطلح موضوعى
مصطلح موضوعي الحشرات
650 04 - المدخل الاضافى بالموضوع-مصطلح موضوعى
مصطلح موضوعي الحشرات
التقسيم الفرعي العام تصنيف
650 04 - المدخل الاضافى بالموضوع-مصطلح موضوعى
مصطلح موضوعي الحشرات الزراعية
650 04 - المدخل الاضافى بالموضوع-مصطلح موضوعى
مصطلح موضوعي حشرات الغابات
700 1# - المدخل الاضافى - اسم شخصى
الإسم الشخصى تادرس ، اريت فايز
الدور مترجم
الشكل الأكمل للاسم اريت فايز تادرس
700 0# - المدخل الاضافى - اسم شخصى
الإسم الشخصى زكريا القاضى
الدور مترجم مشارك
942 ## - عناصر المدخل الإضافي( كوها)
مصدر التصنيف او مخطط الترفيف Dewey Decimal Classification
Koha [default] item type كتاب
260 ## - PUBLICATION, DISTRIBUTION, ETC. (IMPRINT)
-- القاهرة :
-- الدار المصرية اللبنانية ،
Holdings
حالة التراجع حالة الفقد حالة تلف ليس للاعارة المكان المؤقت الموقع الحالى تاريخ الاكتساب اجمالي اﻻعارات رقم الطلب الباركود تاريخ اخر مشاهدة تاريخ تفعيل السعر نوع وعاء كوها
        مكتبة القاهرة الكبرى مكتبة القاهرة الكبرى 05/26/2015   577 ط/د ع 160590 05/26/2015 05/26/2015 كتاب

Powered By

EGPV